Grey-Themed Trivia Quiz Stats

 Plays Quiz Updated Jul 11, 2017

Support Sporcle.
Go Orange.
Score 0/15 Timer 04:00
0 Plays Today
Question Answer % Correct
The grey seal is found in the northern portions of what ocean?Atlantic Ocean
89.7%
Grey Goose is a brand of what alcoholic beverage?Vodka
86.9%
Grey matter most commonly refers to a component of what organ?Brain
84.6%
Grey uniforms were used by which army during the American Civil War?Confederate
82.3%
Marking the beginning of Lent, on what religious holiday are grey ashes prominently featured?Ash Wednesday
80.8%
Jean Grey is a founding member of what superhero team?X-Men
74.6%
In what 1987 film is Jennifer Grey best known for playing Frances 'Baby' Houseman?Dirty Dancing
73.7%
In what version of English is 'gray' preferred?American
69.5%
Question Answer % Correct
In what sport is grey the typical color used for road uniforms?Baseball
52.6%
Which woman deposed Lady Jane Grey after only 9 days on the English throne?Mary I
48.1%
What company released the board game Battleship with grey, plastic tokens?Milton Bradley
41.6%
'Agnes Grey' is the debut novel of what female English author?Anne Brontë
32.7%
The song 'Touch of Grey' was released in 1987 by what psychedelic American rock band?Grateful Dead
32%
'Grey's Anatomy' was created by what female producer and writer?Shonda Rhimes
29.3%
What Old Testament Bible book contains the passage 'grey hair is a crown of splendor'?Book of Proverbs
18.8%

You're not logged in!

Compare scores with friends on all Sporcle quizzes.
OR
Log In
Forgot?

From the Vault

Saturday Sudoku XIV

by TheHawkIsBack

We'll let it slide if you do your Sudoku on Sunday. Mostly because we like alliteration.
Remove Ads.
Support Sporcle.
Get the best of Sporcle when you Go Orange. This ad-free experience offers more features, more stats, and more fun while also helping to support Sporcle. Thank you for becoming a member.

Show Comments

Extras

Top Quizzes Today


Score Distribution

Your Account Isn't Verified!

In order to create a playlist on Sporcle, you need to verify the email address you used during registration. Go to your Sporcle Settings to finish the process.

Report this User

Report this user for behavior that violates our Community Guidelines.

Details: